000 00416nam a2200181Ia 4500
001 15025
005 20260306164957.0
008 260306t2011||||xx |||||||||||||| ||spa||
041 _aESP
082 _a526.9
_bA37
100 _aAlcántara García, Dante A.
_eAUT
245 0 _aTopografía y sus aplicaciones
260 _c2011
300 _a
_c
650 _aGEN
654 _aCIC
942 _cLIB
_dJUS
_fJUS
_2ddc
_n
999 _c15025
_d15025